| Tag |
First Indicator |
Second Indicator |
Subfields |
| LEADER |
00000cam a2200000 4500 |
| 001 |
in00000055864 |
| 005 |
20151008052324.0 |
| 008 |
750409s1964 nyu b 00000 eng |
| 010 |
|
|
|a 64005083
|
| 035 |
|
|
|a (OCoLC)01262870
|
| 035 |
|
|
|9 AAH2811AM
|
| 040 |
|
|
|a DLC
|c ORL
|d TXA
|d UtOrBLW
|
| 049 |
|
|
|a TXAM
|c 1 [416876]
|
| 050 |
0 |
0 |
|a LB2376
|b .F7
|
| 092 |
|
|
|a 378.35
|b F855u, 1964
|
| 100 |
1 |
|
|a Freeman, Stephen Albert,
|d 1898-1999.
|
| 245 |
1 |
0 |
|a Undergraduate study abroad :
|b U.S. college-sponsored programs /
|c report of the Consultative Service on U.S. Undergraduate Study Abroad [by] Stephen A. Freeman, consultant.
|
| 264 |
|
1 |
|a [New York] :
|b Institute of International Education,
|c [1964]
|
| 300 |
|
|
|a 126 pages
|
| 336 |
|
|
|a text
|b txt
|2 rdacontent
|
| 337 |
|
|
|a unmediated
|b n
|2 rdamedia
|
| 338 |
|
|
|a volume
|b nc
|2 rdacarrier
|
| 504 |
|
|
|a Bibliography.
|
| 650 |
|
0 |
|a Foreign study.
|
| 710 |
2 |
|
|a Consultative Service on United States.
|b Undergraduate Study Abroad.
|
| 999 |
|
|
|a MARS
|
| 999 |
f |
f |
|s bf4a43c6-c989-39f4-ba92-0b866c0b6d1e
|i a18ac32c-518b-3cdb-81d2-5b8a3c19ba14
|t 0
|
| 952 |
f |
f |
|p normal
|a Texas A&M University
|b College Station
|c Sterling C. Evans Library
|d Evans: Library Stacks
|t 0
|e LB2376 .F7
|h Library of Congress classification
|i unmediated -- volume
|m A14800863293
|
| 998 |
f |
f |
|a LB2376 .F7
|t 0
|l Evans: Library Stacks
|